Síťová analýza v hospodářské praxi /

Gespeichert in:
Bibliographische Detailangaben
1. Verfasser: Šulc, Jiří (xxx)
Format: Buch
Sprache:Tschechisch
Veröffentlicht: Praha : SNTL, 1975
Schlagworte:
Tags: Tag hinzufügen
Keine Tags, Fügen Sie das erste Tag hinzu!

MARC

LEADER 00000nam a22000003a 4500
001 stu42009
005 20150617225722.4
008 940204s1975----cs------------------cze-d
040 |a STU  |b slo 
041 0 |a cze 
044 |a cs 
080 |a 65.012.122 
100 1 |a Šulc, Jiří  |4 xxx 
245 1 |a Síťová analýza v hospodářské praxi /  |c Jiří Šulc a kol 
260 |a Praha :  |b SNTL,  |c 1975 
300 |a 254 s 
650 7 |a analýza sieťová  |2 stusub 
650 7 |a prax hospodárska  |2 stusub 
996 |b 284EK05032  |c E*37123  |l EE01  |s A  |a 24  |w stu42009_0001 
996 |c V*14887/O-5065  |l VV7  |s P  |a 0  |w stu42009_0002 
996 |b 284V035670  |c V*10804/O-2723  |l VVS  |s A  |a 24  |w stu42009_0003 
996 |b 284M011920  |c M*5958-1  |l MMKN  |s A  |a 24  |w stu42009_0004